Statystyki dla Najlepsze teleturnieje w TVP 1 i TVP 2

Kliknij tutaj aby rozwiązać quiz!

Ogólne statystyki

  • Ten quiz został rozwiązany 4 857 razy
  • Średni wynik to 4 z 12

Statystyki odpowiedzi

StacjaTeleturniej% Poprawnych
TVP2Familiada
88%
TVP2Koło Fortuny
86%
TVP1/ TVP2Jeden z dziesięciu
74%
TVP1Jaka to melodia?
69%
TVP2Postaw na milion
56%
TVP2Va banque
20%
TVP1/ TVP2Wielka gra
17%
TVP2Śpiewające fortepiany
7%
TVP1Miliard w rozumie
6%
TVP1Kochamy polskie komedie
1%
TVP1Kochamy polskie seriale
1%
TVP1Kółko i krzyżyk
1%

Rozkład punktacji

Percentyl według liczby udzielonych odpowiedzi

Procent ludzi z każdym wynikiem

Twoja historia wyników

Nie rozwiązałeś tego quizu